Dos gritos sobre España: Picasso y Neruda ("Guernica" y "España en el corazón")
Este artículo hace un homenaje a dos artistas: Pablo Picasso y Pablo Neruda, focalizando en las obras "Guernica" y "España en el corazón" y las relaciones entre ambas creaciones
Gorde:
| Egile nagusia: | |
|---|---|
| Formatua: | Ezezaguna |
| Argitaratua: |
Venezuela :
Universidad Simón Bolivar,
|
| Gaiak: | |
| Etiketak: |
Etiketa erantsi
Etiketarik gabe, Izan zaitez lehena erregistro honi etiketa jartzen!
|
MARC
| LEADER | 000000000a22000000004500 | ||
|---|---|---|---|
| 001 | 000057 | ||
| 022 | |a 0798-958-X | ||
| 100 | 1 | |a Bansart, Andres | |
| 245 | 1 | 0 | |a Dos gritos sobre España: Picasso y Neruda ("Guernica" y "España en el corazón") |
| 260 | |a Venezuela : |b Universidad Simón Bolivar, | ||
| 310 | |a semestral | ||
| 520 | |a Este artículo hace un homenaje a dos artistas: Pablo Picasso y Pablo Neruda, focalizando en las obras "Guernica" y "España en el corazón" y las relaciones entre ambas creaciones | ||
| 650 | 4 | |a PICASSO, PABLO, 1881-1973 | |
| 650 | 4 | |a NERUDA, PABLO, SEUDONIMO, 1904-1973 | |
| 650 | 4 | |a GUERRA CIVIL ESPAÑOLA | |
| 650 | 4 | |a IDENTIDAD | |
| 650 | 4 | |a ARTE | |
| 650 | 4 | |a LITERATURA | |
| 773 | 0 | |t Estudios: Revista de Investigaciones Literarias | |
| 773 | 0 | |g 3 | |
| 773 | 0 | |g 6 | |
| 773 | 0 | |g 1995 | |
| 773 | 0 | |g 275-287 | |
| 999 | |c 807 |d 807 | ||
